Fútbol de salón (Registro nro. 5008)
[ vista simple ]
| 000 -CABECERA | |
|---|---|
| Longitud fija campo de control | 00952nam a2200265Ia 4500 |
| 005 - • FECHA Y HORA DE LA ÚLTIMA TRANSACCIÓN | |
| Fecha y hora de la última transacción | 20220317000753.0 |
| 008 - • CÓDIGOS DE INFORMACIÓN DE LONGITUD FIJA | |
| Códigos de información de longitud fija | 160601s2005 ck a g 000 0 spa |
| 020 ## - • NÚMERO INTERNACIONAL NORMALIZADO PARA LIBROS | |
| Número Internacional Normalizado para Libros (ISBN) | 9589401325 |
| 082 04 - • NÚMERO DE LA CLASIFICACIÓN DECIMAL DEWEY | |
| Número de clasificación (R) | 796.334 |
| Número del ítem | C82f |
| 040 ## - FUENTE DE LA CATALOGACIÓN | |
| Centro catalogador de origen | CO-BoRNBP |
| Lengua de catalogación | spa |
| Normas de descripción | rda |
| Centro transcriptor | CO-BoRNBP |
| 100 1# - • PUNTO DE ACCESO PRINCIPAL-NOMBRE DE PERSONA | |
| Nombre de persona | Cuervo Lozada, Jaime |
| 245 10 - • TITULO PROPIAMENTE DICHO | |
| Título | Fútbol de salón |
| Resto del título | preparación y competición |
| Mención de responsabilidad, etc. | Jaime Cuervo Lozada ; ilustraciones Johny Alexander Rojas Hoyos |
| 250 ## - • MENCIÓN DE EDICIÓN | |
| Mención de edición | 2a. edición |
| 264 ## - PRODUCCIÓN, PUBLICACIÓN , DISTRIBUCIÓN, FABRICACIÓN Y COPYRIGHT | |
| Lugar de producción, publicación, distribución, fabricación | Armenia |
| Nombre del productor, editor, distribuidor, fabricante | Kinesis |
| Fecha de de producción, publicación, distribución, fabricación o copyright | 2005 |
| 300 ## - • DESCRIPCIÓN FÍSICA | |
| Extensión | 191 páginas |
| Otras características físicas | ilustraciones |
| Dimensiones | 23 cm |
| 336 ## - TIPO DE CONTENIDO | |
| Término de tipo de contenido | texto |
| Código de tipo de contenido | txt |
| Fuente | rdacontent |
| 337 ## - TIPO DE MEDIO | |
| Nombre del tipo de medio | sin mediación |
| Código del tipo de medio | n |
| Fuente | rdamedia |
| 338 ## - TIPO DE SOPORTE | |
| Nombre del tipo de soporte | volumen |
| Código del tipo de soporte | nc |
| Fuente | rdacarrier |
| 650 14 - • PUNTO DE ACCESO ADICIONAL DE MATERIA - TÉRMINO DE MATERIA | |
| Fuente del encabezamiento o término | LEMB |
| Término de materia o nombre geográfico como elemento inicial | Deportes |
| Subdivisión de materia general | Enseñanza |
| 650 14 - • PUNTO DE ACCESO ADICIONAL DE MATERIA - TÉRMINO DE MATERIA | |
| Fuente del encabezamiento o término | LEMB |
| Término de materia o nombre geográfico como elemento inicial | Fútbol de salón |
| Subdivisión de materia general | Enseñanza |
| 650 14 - • PUNTO DE ACCESO ADICIONAL DE MATERIA - TÉRMINO DE MATERIA | |
| Fuente del encabezamiento o término | LEMB |
| Término de materia o nombre geográfico como elemento inicial | Microfútbol |
| Subdivisión de materia general | Reglamento |
| 650 14 - • PUNTO DE ACCESO ADICIONAL DE MATERIA - TÉRMINO DE MATERIA | |
| Fuente del encabezamiento o término | LEMB |
| Término de materia o nombre geográfico como elemento inicial | Microfútbol |
| Subdivisión de materia general | Estrategias y técnicas |
| 700 1# - • PUNTO DE ACCESO ADICIONAL - NOMBRE DE PERSONA | |
| Nombre de persona | Rojas Hoyos, Johny Alexander |
| Término indicativo de función | ilustrador |
| 942 ## - ENTRADA DE ELEMENTOS AGREGADOS (KOHA) | |
| Fuente de clasificaión o esquema | Dewey Decimal Classification |
| Koha [por defecto] tipo de item | LIbro |
| Perdido | Fuente de clasificación o esquema | Estado Físico | No para préstamo | Forma de adquisición | Localización permanente | Localización actual | Localización en estanterías | Fecha adquisición | Préstamos totales | Signatura completa | Código de barras | Fecha última consulta | Número de copia | Fecha del precio de reemplazo | Tipo de item de Koha |
|---|---|---|---|---|---|---|---|---|---|---|---|---|---|---|---|
| Dewey Decimal Classification | Colección General | Biblioteca Pública Mapiripan | Biblioteca Pública Mapiripan | General | 01/09/2024 | 796.334 C82f | MAP0000983 | 01/09/2024 | Ej.1 | 01/09/2024 | LIbro | ||||
| Clasificación Local Facetada | Colección General | Biblioteca Pública Puerto Concordia | Biblioteca Pública Puerto Concordia | General | 02/26/2026 | 796.334 C82f | PCON02356 | 02/26/2026 | Ej.1 | 02/26/2026 | LIbro | ||||
| Dewey Decimal Classification | Colección General | Biblioteca Pública Puerto Rico | Biblioteca Pública Puerto Rico | General | 03/27/2023 | 796.334C82f | PR00000825 | 03/27/2023 | Ej.1 | 03/27/2023 | LIbro |